Catálogo público

Textbook of wood technology (Record no. 36845)

MARC details
000 -CABECERA
campo de control de longitud fija 01746nam a22004337a 4500
003 - IDENTIFICADOR DEL NÚMERO DE CONTROL
campo de control CHAP
005 - FECHA Y HORA DE LA ÚLTIMA TRANSACCIÓN
campo de control 20220329135446.0
008 - DATOS DE LONGITUD FIJA--INFORMACIÓN GENERAL
campo de control de longitud fija 971013s1970 r 00010 d
010 ## - NÚMERO DE CONTROL DE LA BIBLIOTECA DEL CONGRESO
Número de control de LC 36845
011 ## - ENLACE DEL NUMERO DE CONTROL DE LA BIBLIOTECA DEL CONGRESO [OBSOLETO]
Número de control de LC 37817
035 ## - NÚMERO DE CONTROL DEL SISTEMA
Número de control de sistema 41937
040 ## - FUENTE DE LA CATALOGACIÓN
Centro/agencia transcriptor CHAP
082 ## - NÚMERO DE LA CLASIFICACIÓN DECIMAL DEWEY
Número de clasificación 674.1
Número de documento/Ítem P35 1970
100 00 - ENTRADA PRINCIPAL--NOMBRE DE PERSONA
Nombre de persona Panshin, A. J.
9 (RLIN) 85126
245 ## - MENCIÓN DE TÍTULO
Título Textbook of wood technology
250 ## - MENCIÓN DE EDICIÓN
Mención de edición 3 ed.
260 ## - PUBLICACIÓN, DISTRIBUCIÓN, ETC.
Lugar de publicación, distribución, etc. New York :
Nombre del editor, distribuidor, etc. McGraw-Hill,
Fecha de publicación, distribución, etc. 1970
300 ## - DESCRIPCIÓN FÍSICA
Extensión 2 v.
Otras características físicas : ilus.
490 ## - MENCIÓN DE SERIE
Mención de serie The American forestry series
500 ## - NOTA GENERAL
Nota general La biblioteca tiene: v.1
505 ## - NOTA DE CONTENIDO CON FORMATO
Nota de contenido con formato Contenido: v.1 Structure, identification, uses and properties of the commercial woods of the United States and Canada
590 ## - NOTA LOCAL (RLIN)
Nota local BATCH-UPD
Procedencia (VM) [OBSOLETO] 10
Condición del los carretes individuales (VM) [OBSOLETO] 20130110
-- UCH01
-- 0150
590 ## - NOTA LOCAL (RLIN)
Nota local BATCH-UPD
Procedencia (VM) [OBSOLETO] 10
Condición del los carretes individuales (VM) [OBSOLETO] 20130110
-- UCH01
-- 1658
590 ## - NOTA LOCAL (RLIN)
Nota local BATCH-UPD
Procedencia (VM) [OBSOLETO] 10
Condición del los carretes individuales (VM) [OBSOLETO] 20130410
-- UCH01
-- 1046
590 ## - NOTA LOCAL (RLIN)
Nota local BATCH-UPD
Procedencia (VM) [OBSOLETO] 10
Condición del los carretes individuales (VM) [OBSOLETO] 20130914
-- UCH01
-- 1138
590 ## - NOTA LOCAL (RLIN)
Nota local CONVERSION
Procedencia (VM) [OBSOLETO] 10
Condición del los carretes individuales (VM) [OBSOLETO] 20130109
-- UCH01
-- 1321
650 14 - PUNTO DE ACCESO ADICIONAL DE MATERIA--TÉRMINO DE MATERIA
Término de materia o nombre geográfico como elemento de entrada Madera para industrias.
9 (RLIN) 69664
650 14 - PUNTO DE ACCESO ADICIONAL DE MATERIA--TÉRMINO DE MATERIA
Término de materia o nombre geográfico como elemento de entrada Madera
Subdivisión general Tecnología.
9 (RLIN) 69629
700 0# - PUNTO DE ACCESO ADICIONAL--NOMBRE DE PERSONA
Nombre de persona De Zeeuw, Carl.
9 (RLIN) 31419
830 0# - PUNTO DE ACCESO ADICIONAL DE SERIE-TÍTULO UNIFORME
Título uniforme The American forestry series
9 (RLIN) 112620
901 ## - ELEMENTOS DE DATOS A LOCAL LDA (RLIN)
a BK
942 ## - ELEMENTOS DE PUNTO DE ACCESO ADICIONAL (KOHA)
Tipo de ítem Koha Libro
949 ## - PROCESAMIENTO DE INFORMACIÓN LOCAL (OCLC)
a 674.1 P35 1970
b BC
c LIBRO
d -96383
e LIBRO
f v.1
h 31511
i 41937
s i
t 315.00
949 ## - PROCESAMIENTO DE INFORMACIÓN LOCAL (OCLC)
a 674.1 P35 1970
b BC
c LIBRO
d 33724000141016
e LIBRO
f v.1 c.5
h 31515
i 41937
s i
t 315.00
949 ## - PROCESAMIENTO DE INFORMACIÓN LOCAL (OCLC)
a 674.1 P35 1970
b BC
c LIBRO
d 33724000141024
e LIBRO
f v.1 c.6
h 37245
i 41937
s i
t 315.00
949 ## - PROCESAMIENTO DE INFORMACIÓN LOCAL (OCLC)
a 674.1 P35 1970
b BC
c LIBRO
d 33724000149134
e LIBRO
f v.1 c.2
h 31512
i 41937
s i
t 315.00
949 ## - PROCESAMIENTO DE INFORMACIÓN LOCAL (OCLC)
a 674.1 P35 1970
b BC
c LIBRO
d 33724000149142
e LIBRO
f v.1 c.3
h 31513
i 41937
s i
t 315.00
949 ## - PROCESAMIENTO DE INFORMACIÓN LOCAL (OCLC)
a 674.1 P35 1970
b BC
c LIBRO
d 33724000149159
e LIBRO
f v.1 c.4
h 31514
i 41937
s i
t 315.00
Holdings
Estado de retiro Estado de pérdida Fuente del sistema de clasificación o colocación Estado dañado Restricciones de uso No para préstamo Código de colección Localización permanente Ubicación/localización actual Ubicación en estantería Fecha de adquisición Información codificada de la localización en otra ubicación Total de préstamos Signatura topográfica completa Código de barras Fecha visto por última vez Número de copia Precio válido a partir de Tipo de ítem Koha
    Dewey Decimal Classification   Préstamo 15 días   General Biblioteca Central Biblioteca Central Planta principal - Colección General 31/12/2019 LIBRO   674.1 P35 1970 -96383 31/12/2019 v.1 31/12/2019 Libro
    Dewey Decimal Classification   Préstamo 15 días   General Biblioteca Central Biblioteca Central Planta principal - Colección General 31/12/2019 LIBRO   674.1 P35 1970 33724000141016 31/12/2019 v.1 c.5 31/12/2019 Libro
    Dewey Decimal Classification   Préstamo 15 días   General Biblioteca Central Biblioteca Central Planta principal - Colección General 31/12/2019 LIBRO   674.1 P35 1970 33724000141024 31/12/2019 v.1 c.6 31/12/2019 Libro
    Dewey Decimal Classification   Préstamo 15 días   General Biblioteca Central Biblioteca Central Planta principal - Colección General 31/12/2019 LIBRO   674.1 P35 1970 33724000149134 31/12/2019 v.1 c.2 31/12/2019 Libro
    Dewey Decimal Classification   Préstamo 15 días   General Biblioteca Central Biblioteca Central Planta principal - Colección General 31/12/2019 LIBRO   674.1 P35 1970 33724000149142 31/12/2019 v.1 c.3 31/12/2019 Libro
    Dewey Decimal Classification   Préstamo 15 días   General Biblioteca Central Biblioteca Central Planta principal - Colección General 31/12/2019 LIBRO   674.1 P35 1970 33724000149159 31/12/2019 v.1 c.4 31/12/2019 Libro